000 09500cam a22010934i 4500
003 PE-LiUPU
005 20250731180051.0
008 150720s2012 pe a rb 000 0 spa d
020 _a9786124160004
020 _a9786124160059
035 _a(Sirsi) i9786124160004
035 _a(Sirsi) i9786124160004
040 _aPE-LiUPU
_bspa
_cPE-LiUPU
_erda
049 _aPRUA
082 0 4 _a515.076
_bE88 2012
082 0 4 _a515.076
_bE88 2012 2
100 1 _aEspinoza Ramos, Eduardo,
_d1946- ,
_eautor.
245 1 0 _aAnálisis matemático :
_bpara estudiantes de ciencia de ingeniería /
_cEduardo Espinoza Ramos.
250 _aSexta edición.
264 1 _aLima :
_bEdiciones edukperú,
_c2012.
300 _a2 tomos :
_bilustraciones ;
_c22 centímetros
336 _atext
_2rdacontent
337 _aunmediated
_2rdamedia
338 _avolume
_2rdacarrier
504 _aIncluye bibliografía.
505 0 _gTomo 1.
_aSistema de números reales -- Relaciones y funciones -- Límites y continuidad -- La derivada -- Aplicaciones de la derivada.
505 0 _gTomo 2.
_aIntegral indefinida -- Integral definida -- Aplicaciones de la integral definida.
526 _aSEG44
526 _aSEG26
526 _aP159
526 _aP155
526 _aP154
526 _aP153
526 _aP150
526 _aP100
526 _aP31
526 _aP30
526 _aP26
526 _aP25
526 _aP24
526 _aP22
526 _aP15
526 _aP10
650 1 4 _aAnálisis matemático
_vProblemas, ejercicios, etc.
650 2 4 _aAnálisis matemático
_xEstudio y enseñanza.
650 2 4 _aVariables (Matemáticas).
910 _ajck
_clch
910 _cwelc
_d20161017
942 _2ddc
_cBOOK
949 _a515.076 E88 2012 1
_wDEWEY
_c1
_i70040
_d2016-11-24
_e2016-11-21
_lCCODEBUL1
_mBUL
_n20
_p10.40
_r0
_sY
_tBOOK
_u2015-8-17
_xINGENIERIA
_PP25
_0COMPRA
_o.STAFF. Colección General
949 _a515.076 E88 2012 1
_wDEWEY
_c10
_i70049
_d2016-9-7
_e2016-9-7
_kCHECKEDOUT
_lCCODEBUL1
_mBUL
_n8
_p10.40
_rM
_sY
_tBOOK
_u2015-8-17
_xINGENIERIA
_PP25
_0COMPRA
_o.STAFF. Colección General
949 _a515.076 E88 2012 1
_wDEWEY
_c2
_i70041
_d2016-11-24
_e2016-11-21
_lCCODEBUL1
_mBUL
_n20
_p10.40
_r0
_sY
_tBOOK
_u2015-8-17
_xINGENIERIA
_PP25
_0COMPRA
_o.STAFF. Colección General
949 _a515.076 E88 2012 1
_wDEWEY
_c3
_i70042
_d2016-11-3
_e2016-10-31
_lCCODEBUL1
_mBUL
_n15
_p10.40
_r0
_sY
_tBOOK
_u2015-8-17
_xINGENIERIA
_PP25
_0COMPRA
_o.STAFF. Colección General
949 _a515.076 E88 2012 1
_wDEWEY
_c5
_i70044
_d2016-11-29
_e2016-11-25
_lCCODEBUL1
_mBUL
_n38
_p10.40
_r0
_sY
_tBOOK
_u2015-8-17
_xINGENIERIA
_PP25
_0COMPRA
_o.STAFF. Colección General
949 _a515.076 E88 2012 1
_wDEWEY
_c6
_i70045
_d2016-11-24
_e2016-9-28
_lCCODEBUL1
_mBUL
_n28
_p10.40
_r0
_sY
_tBOOK
_u2015-8-17
_xINGENIERIA
_PP25
_0COMPRA
_o.STAFF. Colección General
949 _a515.076 E88 2012 1
_wDEWEY
_c8
_i70047
_d2016-11-16
_e2016-11-14
_lCCODEBUL1
_mBUL
_n16
_p10.40
_r0
_sY
_tBOOK
_u2015-8-17
_xINGENIERIA
_PP25
_0COMPRA
_o.STAFF. Colección General
949 _a515.076 E88 2012 1
_wDEWEY
_c9
_i70048
_d2016-11-29
_e2016-11-25
_lCCODEBUL1
_mBUL
_n17
_p10.40
_r0
_sY
_tBOOK
_u2015-8-17
_xINGENIERIA
_PP25
_0COMPRA
_o.STAFF. Colección General
949 _a515.076 E88 2012 2
_wDEWEY
_c1
_i70050
_lCCODEBUL1
_mBUL
_p10.40
_r0
_sY
_tBOOK
_u2015-7-20
_xINGENIERIA
_PP25
_0COMPRA
_o.STAFF. Colección General
949 _a515.076 E88 2012 2
_wDEWEY
_c10
_i70059
_d2016-8-24
_e2016-8-19
_lCCODEBUL1
_mBUL
_n7
_p10.40
_r0
_sY
_tBOOK
_u2015-7-20
_xINGENIERIA
_PP25
_0COMPRA
_o.STAFF. Colección General
949 _a515.076 E88 2012 2
_wDEWEY
_c2
_i70051
_d2016-8-31
_e2015-8-26
_lCCODEBUL1
_mBUL
_n1
_p10.40
_r0
_sY
_tBOOK
_u2015-7-20
_xINGENIERIA
_PP25
_0COMPRA
_o.STAFF. Colección General
949 _a515.076 E88 2012 2
_wDEWEY
_c3
_i70052
_d2016-8-15
_e2016-8-15
_lCCODEBUL1
_mBUL
_n6
_p10.40
_r0
_sY
_tBOOK
_u2015-7-20
_xINGENIERIA
_PP25
_0COMPRA
_o.STAFF. Colección General
949 _a515.076 E88 2012 2
_wDEWEY
_c4
_i70053
_d2016-8-21
_e2016-8-18
_lCCODEBUL1
_mBUL
_n6
_p10.40
_r0
_sY
_tBOOK
_u2015-7-20
_xINGENIERIA
_PP25
_0COMPRA
_o.STAFF. Colección General
949 _a515.076 E88 2012 2
_wDEWEY
_c5
_i70054
_lCCODEBUL1
_mBUL
_p10.40
_r0
_sY
_tBOOK
_u2015-7-20
_xINGENIERIA
_PP25
_0COMPRA
_o.STAFF. Colección General
949 _a515.076 E88 2012 2
_wDEWEY
_c6
_i70055
_d2016-3-15
_e2016-3-14
_lCCODEBUL1
_mBUL
_n2
_p10.40
_r0
_sY
_tBOOK
_u2015-7-20
_xINGENIERIA
_PP25
_0COMPRA
_o.STAFF. Colección General
949 _a515.076 E88 2012 2
_wDEWEY
_c7
_i70056
_d2016-10-17
_e2016-10-13
_lCCODEBUL1
_mBUL
_n3
_p10.40
_r0
_sY
_tBOOK
_u2015-7-20
_xINGENIERIA
_PP25
_0COMPRA
_o.STAFF. Colección General
949 _a515.076 E88 2012 2
_wDEWEY
_c8
_i70057
_d2016-4-13
_e2016-4-13
_lCCODEBUL1
_mBUL
_n1
_p10.40
_r0
_sY
_tBOOK
_u2015-7-20
_xINGENIERIA
_PP25
_0COMPRA
_o.STAFF. Colección General
949 _a515.076 E88 2012 2
_wDEWEY
_c9
_i70058
_d2016-9-5
_e2016-8-31
_lCCODEBUL1
_mBUL
_n4
_p10.40
_r0
_sY
_tBOOK
_u2015-7-20
_xINGENIERIA
_PP25
_0COMPRA
_o.STAFF. Colección General
949 _a515.076 E88 2012 T1
_wDEWEY
_c1
_iFJ02941
_lCCODEBUL1
_mBUJ
_p11.00
_r0
_sY
_tBOOK
_u2016-10-17
_xINGENIERIA
_PP25
_0COMPRA
_o.STAFF. Colección General Juliaca
949 _a515.076 E88 2012 T2
_wDEWEY
_c1
_iFJ03309
_lCCODEBUL1
_mBUJ
_p11.00
_r0
_sY
_tBOOK
_u2016-10-25
_xINGENIERIA
_PP25
_0COMPRA
_o.STAFF. Colección General Juliaca
994 _aC0
_bPEPRU
596 _a1 3
999 _a515.076 E88 2012 2
_wDEWEY
_c6305
_i70050
_lLOST
_mBUL
_p10.40
_r1
_sY
_tBOOK
_u2015-7-20
_xINGENIERIA
_PP25
_0COMPRA
_o.STAFF. Colección General
_d6305
999 _a515.076 E88 2012 2
_wDEWEY
_c2
_i70051
_d2016-8-31
_e2015-8-26
_lLOST
_mBUL
_n1
_p10.40
_r1
_sY
_tBOOK
_u2015-7-20
_xINGENIERIA
_PP25
_0COMPRA
_o.STAFF. Colección Ingeniería y Arquitectura
999 _a515.076 E88 2012 2
_wDEWEY
_c3
_i70052
_d2019-5-7
_e2019-5-2
_f2021-11-9
_g7
_lCCODEBUL1
_mBUL
_n14
_p10.40
_q3
_r0
_sY
_tBOOK
_u2015-7-20
_xINGENIERIA
_PP25
_0COMPRA
_o.STAFF. Colección Ingeniería y Arquitectura
999 _a515.076 E88 2012 2
_wDEWEY
_c4
_i70053
_d2019-7-1
_e2019-5-20
_f2021-11-5
_g7
_lCCODEBUL1
_mBUL
_n13
_p10.40
_q4
_r0
_sY
_tBOOK
_u2015-7-20
_xBIBLIOTECA
_PP25
_0COMPRA
_o.STAFF. Colección Ingeniería y Arquitectura
999 _a515.076 E88 2012 2
_wDEWEY
_c5
_i70054
_lLOST
_mBUL
_p10.40
_r1
_sY
_tBOOK
_u2015-7-20
_xINGENIERIA
_PP25
_0COMPRA
_o.STAFF. Colección Ingeniería y Arquitectura
999 _a515.076 E88 2012 2
_wDEWEY
_c6
_i70055
_d2019-4-1
_e2019-3-28
_f2021-11-9
_g7
_lCCODEBUL1
_mBUL
_n9
_p10.40
_q2
_r0
_sY
_tBOOK
_u2015-7-20
_xINGENIERIA
_PP25
_0COMPRA
_o.STAFF. Colección Ingeniería y Arquitectura
999 _a515.076 E88 2012 2
_wDEWEY
_c7
_i70056
_d2019-5-29
_e2019-5-7
_f2021-11-9
_g7
_lCCODEBUL1
_mBUL
_n7
_p10.40
_r0
_sY
_tBOOK
_u2015-7-20
_xINGENIERIA
_PP25
_0COMPRA
_o.STAFF. Colección Ingeniería y Arquitectura
999 _a515.076 E88 2012 2
_wDEWEY
_c8
_i70057
_d2019-5-31
_e2019-5-28
_f2021-11-9
_g7
_lCCODEBUL1
_mBUL
_n9
_p10.40
_q1
_r0
_sY
_tBOOK
_u2015-7-20
_xINGENIERIA
_PP25
_0COMPRA
_o.STAFF. Colección Ingeniería y Arquitectura
999 _a515.076 E88 2012 2
_wDEWEY
_c9
_i70058
_d2019-5-28
_e2019-5-22
_f2021-11-9
_g7
_lCCODEBUL1
_mBUL
_n8
_p10.40
_q5
_r0
_sY
_tBOOK
_u2015-7-20
_xINGENIERIA
_PP25
_0COMPRA
_o.STAFF. Colección Ingeniería y Arquitectura
999 _a515.076 E88 2012 2
_wDEWEY
_c10
_i70059
_d2019-6-25
_e2019-6-10
_f2021-11-9
_g7
_lCCODEBUL1
_mBUL
_n18
_p10.40
_q3
_r0
_sY
_tBOOK
_u2015-7-20
_xINGENIERIA
_PP25
_0COMPRA
_o.STAFF. Colección Ingeniería y Arquitectura
999 _a515.076 E88 2012 1
_wDEWEY
_c1
_i70040
_d2019-5-21
_e2019-5-13
_f2021-11-9
_g7
_lCCODEBUL1
_mBUL
_n42
_p10.40
_q4
_r0
_sY
_tBOOK
_u2015-8-17
_xINGENIERIA
_PP25
_0COMPRA
_o.STAFF. Colección General
999 _a515.076 E88 2012 1
_wDEWEY
_c2
_i70041
_d2019-3-12
_e2019-3-8
_f2021-11-9
_g7
_lCCODEBUL1
_mBUL
_n26
_p10.40
_q1
_r0
_sY
_tBOOK
_u2015-8-17
_xINGENIERIA
_PP25
_0COMPRA
_o.STAFF. Colección General
999 _a515.076 E88 2012 1
_wDEWEY
_c3
_i70042
_d2019-10-14
_e2019-10-14
_f2021-11-9
_g7
_lCCODEBUL1
_mBUL
_n32
_p10.40
_r0
_sY
_tBOOK
_u2015-8-17
_xINGENIERIA
_PP25
_0COMPRA
_o.STAFF. Colección General
999 _a515.076 E88 2012 1
_wDEWEY
_c5
_i70044
_d2022-5-13
_e2019-10-16
_f2021-11-5
_g7
_lCCODEBUL1
_mBUL
_n51
_p10.40
_q6
_r0
_sY
_tBOOK
_u2015-8-17
_xBIBLIOTECA
_PP25
_0COMPRA
_o.STAFF. Colección General
999 _a515.076 E88 2012 1
_wDEWEY
_c6
_i70045
_d2019-10-15
_e2019-10-11
_f2021-11-9
_g7
_lCCODEBUL1
_mBUL
_n48
_p10.40
_q3
_r0
_sY
_tBOOK
_u2015-8-17
_xINGENIERIA
_PP25
_0COMPRA
_o.STAFF. Colección General
999 _a515.076 E88 2012 1
_wDEWEY
_c8
_i70047
_d2022-7-11
_e2022-5-15
_f2021-11-9
_g7
_lCCODEBUL1
_mBUL
_n34
_p10.40
_q6
_r0
_sY
_tBOOK
_u2015-8-17
_xINGENIERIA
_PP25
_0COMPRA
_o.STAFF. Colección General
999 _a515.076 E88 2012 1
_wDEWEY
_c9
_i70048
_d2016-11-29
_e2016-11-25
_f2017-2-12
_g3
_kCHECKEDOUT
_lCCODEBUL1
_mBUL
_n17
_p10.40
_r0
_sY
_tBOOK
_u2015-8-17
_xINGENIERIA
_PP25
_0COMPRA
_o.STAFF. Colección General
999 _a515.076 E88 2012 1
_wDEWEY
_c10
_i70049
_d2019-11-12
_e2019-11-11
_f2021-11-9
_g4
_lCCODEBUL1
_mBUL
_n27
_p10.40
_q2
_r0
_sY
_tBOOK
_u2015-8-17
_xINGENIERIA
_PP25
_0COMPRA
_o.STAFF. Colección Ingeniería y Arquitectura
999 _a515.076 E88 2012 T1
_wDEWEY
_c1
_iFJ02941
_d2018-11-13
_e2018-11-13
_f2017-12-28
_g1
_kCHECKEDOUT
_lCCODEBUJ1
_mBUJ
_n22
_p11.00
_q8
_rM
_sY
_tBOOK
_u2016-10-17
_xINGENIERIA
_PP25
_0COMPRA
_o.STAFF. Colección General Juliaca
999 _a515.076 E88 2012 T2
_wDEWEY
_c1
_iFJ03309
_d2019-11-19
_e2018-11-8
_f2022-1-19
_g4
_lCCODEBUJ1
_mBUJ
_n9
_p11.00
_q7
_r0
_sY
_tBOOK
_u2016-10-25
_xINGENIERIA
_PP25
_0COMPRA
_o.STAFF. Colección General Juliaca
980 _81
_gALBERTO SANCHEZ Responsable de Automatización